LIBRARY & INFORMATION CENTRE, KCAET, TAVANUR

ONLINE PUBLIC ACCESS CATALOGUE (OPAC)

Code of practice for design of cross drainage works 7784(Part I)-1975 (Record no. 7168)

MARC details
000 -LEADER
fixed length control field 00883cam a2200145ua 4500
041 ## - LANGUAGE CODE
Language code of text/sound track or separate title eng
082 ## - DEWEY DECIMAL CLASSIFICATION NUMBER
Classification number 628.26
Item number IND/CO
245 ## - TITLE STATEMENT
Title Code of practice for design of cross drainage works 7784(Part I)-1975
260 ## - PUBLICATION, DISTRIBUTION, ETC. (IMPRINT)
Place of publication New Delhi :
Name of publisher Indian Standards Institution ,
Year of publication 1983.
300 ## - PHYSICAL DESCRIPTION
Number of Pages 19 ; .
942 ## - ADDED ENTRY ELEMENTS (KOHA)
Koha item type Books
Holdings
Withdrawn status Lost status Damaged status Home library Current library Date acquired Full call number Accession Number Koha item type
      KAUAET KAUAET 07/04/2012 628.26 17181 Standards
free website counter